000 00517 a2200157 4500
020 _a0080190081
024 _a0080190081
082 _a530.12
090 _c478
_d478
100 1 _aConstantinescu, F.; Magyari, E.
245 1 0 _aProblems in quantum mechanics /
_cF.; Magyari, E Constantinescu.
260 _a[S.l.] :
_bPergamon,
_c1976.
300 _a420
942 _aSNS
_cBK
_k530.12 CON
999 _c29109
_d29109